=LDR 00000nam 2200000 4500 =001 INLIS000000000043850 =005 20131008103908 =008 ***********************************ind** =035 ##$$0010-101300000001772 =041 ##$$a ind =082 ##$$a 808.9 =090 ##$$a 808.9, Pra a =100 ##$$a Prasad, Ugoran =245 ##$$a Di etalase, Ugoran Prasad; editor A Ariobimo Nusantara =260 ##$$a 2003 $b Jakarta =300 ##$$a viii, 200 hlm, 21 cm =650 ##$$a Fiksi =850 ##$$a NBPNMAT